Metóda konečných prvkov ; Jana Melicherčíková

Bibliographic Details
Format: Book
Language:Czech
Published: Bratislava Dom techniky ČSVTS 1989
Edition:1. vyd.

MARC

LEADER 00000nam a2200000 a 4500
001 vtls001080799
003 SK-MaSNL
005 20260301111146.0
008 250414s1989 xo 0 cze
015 |a SNBA1989/05 
035 |a SNK000023636 
035 |a urn:nbn:sk:snk-amln4n 
035 |a urn:nbn:sk:snk-am00byfk 
035 |a E08BDDA8-ACE0-42FC-A69A-587E9A82A65D 
040 |a SNK  |b slo  |c SNK  |e AACR2 
041 0 |a cze 
044 |a [CS] 
080 |a 519.6:531.8(082)  |2 1981 
080 |a 531.8(082)  |2 1981 
245 0 0 |a Metóda konečných prvkov ; Jana Melicherčíková 
250 |a 1. vyd. 
260 |a Bratislava  |b Dom techniky ČSVTS  |c 1989  |e Bratislava  |f Dom techniky ČSVTS 
300 |a 54 s., 6,298 AH  |b Tb. Sch.  |c 29 cm 
366 |e 305 výtl. 
500 |a Lit. 74. Text čes. Pre účast. podujatia a pre služobnú potrebu podnikov. Publ. je predajná iba soc. organ. Rozmn. 74 zázn. v slov., češ., ruš., angl. a nem. 
700 1 |a Melicherčíková, Jana  |4 oth  |9 276647 
852 |a Slovenská národná knižnica 
954 |a metóda konečných prvkov  |a mechanika technická 
958 |a OND 
958 |a CZ 
958 |a NB 
958 |a RM 
999 |c 705821  |d 707751 
952 |a SNK  |b SNK  |y PREZ  |7 0  |p 17A0852609  |o snkSB 44785   |0 0  |1 0  |4 0  |d 2012-07-09  |f 1  |l 0  |r 2026-02-23 21:15:00  |w 2026-02-23 
952 |a SNK  |b SNK  |y VYP  |7 0  |p 17A0461425  |o snkSB 44785 D1  |i snk2005/4904  |8 1  |0 0  |1 0  |4 0  |d 2005-03-31  |l 0  |r 2026-02-23 21:15:00  |w 2026-02-23